000 00319nam a22001337a 4500
020 _a023-033-287-0
082 _a530
_bFUL/P
100 _aFULLMARKS
245 _aPHYSICS REVISED EDITION
_bCLASS XII
260 _aDELHI
_bMACMILLAN PUBLISHERS
_c2011
300 _a859
650 _aPHYSICS FOR CLASS XII
_zINDIA
942 _cBK
999 _c511
_d511